Ek Bharatiy Communist ka Smruthiyam/ (Record no. 58623)

000 -LEADER
fixed length control field 00437nam a22001697a 4500
020 ## - INTERNATIONAL STANDARD BOOK NUMBER
ISBN 9788179171318
082 ## - DEWEY DECIMAL CLASSIFICATION NUMBER
Classification number H803
Item number EMS/E
100 ## - MAIN ENTRY--AUTHOR NAME
Personal name E M S Namdoothirippad
245 ## - TITLE STATEMENT
Title Ek Bharatiy Communist ka Smruthiyam/
Statement of responsibility, etc by E M S Namdoothirippad
260 ## - PUBLICATION, DISTRIBUTION, ETC. (IMPRINT)
Place of publication Delhi :
Name of publisher Grant Silpi,
Year of publication 2013.
300 ## - PHYSICAL DESCRIPTION
Number of Pages 240p.
650 ## - SUBJECT ADDED ENTRY--TOPICAL TERM
Topical Term Memoirs Hindi
650 ## - SUBJECT ADDED ENTRY--TOPICAL TERM
Topical Term Memoirs E M S
650 ## - SUBJECT ADDED ENTRY--TOPICAL TERM
Topical Term Literature Hindi
650 ## - SUBJECT ADDED ENTRY--TOPICAL TERM
Topical Term Literature
942 ## - ADDED ENTRY ELEMENTS (KOHA)
Koha item type Book
Holdings
Withdrawn status Lost status Damaged status Not for loan Permanent Location Current Location Shelving location Date acquired Cost, normal purchase price Full call number Accession Number Price effective from Koha item type
        Sree Sankaracharya University of Sanskrit Sree Sankaracharya University of Sanskrit Stacks 03.02.2016 475.00 H803 EMS/E 080281 03.02.2016 Book